000 00465cam a2200181 4500
001 D3140
008 090401t1980 xxu||||| |||| 00| 0 eng d
035 _a(Sirsi) u71956
041 _aeng
050 _a711.14
100 _aDenyer-Green, Barry P. D.
245 3 _aAn outline of the law of compulsory purchase and compensation
260 _aLondon
_bEstates Gazette
_c1980
300 _axxvi. 324p. 21cm
350 _a8.75
942 _n0
948 _c04/03/1997
999 _c95465
_d95465